| 000 | 00569nam a2200181 i 4500 | ||
|---|---|---|---|
| 001 | 47402 | ||
| 003 | ES-MaACL | ||
| 005 | 20250725062532.0 | ||
| 007 | t| | ||
| 008 | 030407s1960 sp ||||1| spa d | ||
| 100 | 1 |
_aCorchon García, Francisco. _940484 |
|
| 245 | 1 | 0 |
_aFísica general para estudiantes de las Escuelas técnicas de Peritos industriales / _cFrancisco Corchon García. |
| 260 |
_aSantander : _b[s.n.], _c1960. |
||
| 300 |
_a1 v. : _bil. ; _c25 cm. |
||
| 650 | 0 | 7 |
_aFísica _2embne _912877 |
| 852 |
_aES-MaACL _jP-706 _bR.46755 |
||
| 999 |
_c47402 _d47402 |
||